00474nam a2200145Ia 4500003000400000005001700004008004000021040000700061041001200068082001600080100007200096245010800168260004400276300000800320OSt20240927122429.0210210b1993 xxu||||| |||| 00| 0 eng d cAL aKannada aK894.3 RADN aRADHADEVI (H G).dರಾಧಾದೇವಿ (ಹೆಚ್ ಜಿ) aNinna gejje ..... nanna hejje.bನಿನ್ನ ಗೆಜ್ಜೆ ... ನನ್ನ ಹೆಜ್ಜೆ  aBengalurubRajalakshmi Prakashanac1993 a220